| 000 | 01919nam a2200313 a 4500 | ||
|---|---|---|---|
| 001 | 000003253 | ||
| 003 | DO-SdBNP | ||
| 005 | 20171023095556.0 | ||
| 007 | 000003253 | ||
| 008 | 090707s2006 dr ac 000 0 spa d | ||
| 020 | _a9945410113 | ||
| 040 |
_aBPMSU _bspa _cBPMSU |
||
| 082 | 4 |
_a972.93 _bD671h |
|
| 100 | 1 |
_aDomínguez, Jaime de Jesús _d1947- |
|
| 245 | 1 | 0 |
_aHistoria dominicana / _cJaime de Jesús Domínguez. |
| 260 | 0 |
_aSanto Domingo : _bBreve Letra Gráfica, _c2006. |
|
| 300 |
_a294 p : _bil., mapas., retrs. ; _c18 cm. |
||
| 500 | _aBibliografía: p. 292-294 | ||
| 505 | 0 | _aLos indígenas de La Española -- Colón y el descubrimiento de América -- La factoría colombina -- La insurrección de Roldán -- El Gobierno de Ovando -- Diego Colón. Padres Jerónimos. Enriquillo -- La industria azucarera colonial -- Los negros esclavos -- Las devastaciones de Osorio -- Santo Domingo francés y español -- Las primeras invasiones haitianas -- La era de Francia en Santo Domingo -- La España Boba. Independencia Efímera -- La ocupación haitiana -- La primera república -- La anexión a España -- Julio de 1865. Julio de 1886 -- La dictadura de Heureaux -- Los inicios del siglo XX -- La primera ocupación estadounidense -- El tercer gobierno de Horacio Vásquez -- La dictadura de Trujillo -- Hacia la democracia representativa -- Bibliografía. | |
| 651 | 4 |
_aREPÚBLICA DOMINICANA _xPOLÍTICA Y GOBIERNO _xHISTORIA |
|
| 651 | 4 |
_aREPÚBLICA DOMINICANA _xHISTORIA _yDESCUBRIMIENTO Y CONQUISTA 1492-1503 |
|
| 651 | 4 |
_aREPÚBLICA DOMINICANA _xHISTORIA _yOCUPACIÓN HAITIANA 1822-1844 |
|
| 651 | 4 |
_aREPÚBLICA DOMINICANA _xHISTORIA _yOCUPACIÓN NORTEAMERICANA, 1916-1924 |
|
| 651 | 4 |
_aREPÚBLICA DOMINICANA _xHISTORIA _yERA DE TRUJILLO, 1930-1961 |
|
| 910 | _aValidado. Control de calidad MFF | ||
| 942 |
_2ddc _cBK |
||
| 945 | _aInventariado / 2017 VM | ||
| 956 |
_aVMATEO _b10 _c20150908 _lBPMSU _h0069 |
||
| 999 |
_c7356 _d7356 |
||